[Event "10th LCC GCT Finals 2018"]
[Site "London"]
[Date "2018.12.11"]
[Round "1.1"]
[White "Caruana, Fabiano"]
[Black "Nakamura, Hikaru"]
[Result "1/2-1/2"]
[WhiteElo "2832"]
[BlackElo "2746"]
[Annotator "TA"]
[PlyCount "102"]
[EventDate "2018.12.09"]
[EventType "k.o."]
[EventCountry "ENG"]
[SourceTitle "playchess.com"]
[Source "ChessBase"]
[SourceQuality "1"]

{[%evp 14,102,37,17,24,13,26,24,24,0,0,0,8,0,35,43,34,41,60,19,17,0,8,0,34,16,16,16,32,14,13,15,74,80,89,81,86,79,69,0,0,7,0,1,7,0,0,0,0,0,0,-44,-31,-37,-27,-30,0,0,7,0,10,0,0,0,0,0,0,0,0,0,0,0,0,0,0,0,0,0,0,0,0,0,0,0,0,0,0,0,0,0,0]} 1. d4 Nf6 2. c4 e6 3. Nf3 d5 4. Nc3 Be7 5. Bf4 O-O 6. e3 b6 7. Qc2 Bb7 8. Rd1 {LiveBook: 14 Games. D37: Queen's Gambit Declined: 5 Bf4} (8. cxd5 Nxd5 9. Nxd5 Qxd5 10. Bd3 h6 11. e4 Qa5+ 12. Bd2 Bb4 13. Rc1 c5 14. dxc5 Nd7 15. c6 Rac8 16. Bxb4 Qxb4+ {½-½ (55) Nepomniachtchi,I (2705)-Nakamura,H (2816) Baku 2015}) 8... Bd6 9. Bg3 $146 ({Predecessor:} 9. Bg5 Nbd7 10. cxd5 exd5 11. Bd3 h6 12. Bh4 a6 13. Bf5 Qe8 14. Qb3 b5 15. O-O Be7 {½-½ (98) Kveinys,A (2545)-Xu,Y (2518) Reykjavik 2017}) 9... Nbd7 10. cxd5 {White has an edge.} Nxd5 11. e4 (11. Nxd5 {looks sharper.} Bxd5 12. Bd3 f5 13. Bc4 Nf6 14. Be5) 11... Nxc3 12. bxc3 Bxg3 13. hxg3 e5 14. Bb5 c6 15. Be2 Qc7 16. g4 {[%cal Bg3g4,Bg4g5][%mdl 32]} Rfe8 17. g5 Rad8 18. Kf1 b5 19. Rh4 a6 20. a4 Qa5 21. g6 hxg6 22. Ng5 Nf8 (22... Qxa4 $2 23. Qxa4 bxa4 24. Bc4 $18) (22... c5 $1 $11 {remains equal.}) 23. Rd3 $16 Bc8 (23... Qxa4 $2 24. Qxa4 bxa4 25. Rdh3 $18) 24. Qb3 {[%csl Gg5][%cal Rb3f7]} Qc7 ({Don't blunder} 24... Ne6 $2 25. Rdh3 $18) 25. axb5 axb5 26. Rf3 (26. g4 $1 $14 Ne6 27. Rdh3) 26... Be6 $1 $11 {[%cal Re6b3]} 27. d5 cxd5 28. exd5 Rxd5 {And now ...Rd4 would win.} ({Wrong is} 28... Bxd5 $2 {[#]} 29. Rfh3 $1 $18 {[%mdl 512]}) 29. Nxe6 fxe6 30. Rfh3 {[%cal Bf3h3,Bh3h4,Bh4e4][%mdl 32] [#]} e4 $1 31. Rxe4 ({Avoid the trap} 31. Bxb5 $2 Rb8 $19) 31... Ra8 {aiming for ...Ra1+.} 32. g3 {Threatening Rxe6!} Qc5 {Strongly threatening ...Rf5.} 33. Re3 Ra3 34. Qb2 Qd6 35. Rh4 {The position is equal.} Ra4 $132 {[%mdl 2048] Black puts up resistance} 36. Rhe4 Qa3 37. Qxa3 (37. Qb1 {is interesting.} Qa1 38. Rb4 Qxb1+ 39. Rxb1 Ra5 40. c4) 37... Rxa3 38. Bg4 Rc5 39. Bxe6+ Nxe6 40. Rxe6 Raxc3 41. Rxc3 Rxc3 42. Rxg6 {[%mdl 4096] Endgame KR-KR} b4 43. Rb6 b3 44. Kg2 Kf7 45. f4 g5 46. fxg5 Rc2+ 47. Kf3 b2 48. Kg4 Kg7 49. Rb7+ Kg6 50. Rb6+ Kg7 51. Rb7+ Kg6 {Accuracy: White = 69%, Black = 71%.} 1/2-1/2

[Event "10th LCC GCT Finals 2018"]
[Site "London"]
[Date "2018.12.11"]
[Round "1.1"]
[White "Vachier-Lagrave, Maxime"]
[Black "Aronian, Levon"]
[Result "1/2-1/2"]
[WhiteElo "2781"]
[BlackElo "2765"]
[Annotator "TA"]
[PlyCount "147"]
[EventDate "2018.12.09"]
[EventType "k.o."]
[EventCountry "ENG"]
[SourceTitle "playchess.com"]
[Source "ChessBase"]
[SourceQuality "1"]

{[%evp 22,147,16,0,9,18,28,13,15,1,43,10,36,0,0,-4,0,0,0,-27,-15,-53,-48,-45,-33,-94,-91,-67,-47,-62,-62,-62,-62,-69,-62,-87,-62,-66,-76,-77,-63,-63,-64,-65,-48,-65,-51,-36,-38,-30,-1,-2,-2,-2,-2,0,0,0,0,0,0,0,0,0,0,0,0,0,0,0,0,0,0,0,8,0,8,0,8,0,8,0,0,0,0,0,0,0,0,0,0,0,0,0,0,0,0,0,0,0,8,0,8,0,0,0,0,0,0,0,0,0,0,0,0,0,0,0,8,8,8,0,8,0,0,0,8,0]} 1. e4 e5 2. Nf3 Nc6 3. Bb5 {[%cal Bf1b5,Bb5a4,Ba4b3][%mdl 32]} a6 4. Ba4 Nf6 5. O-O Be7 6. Re1 b5 7. Bb3 O-O 8. a4 b4 9. a5 d6 10. d3 Be6 11. Bxe6 {C88: Closed Ruy Lopez: Anti-Marshall Systems} (11. Nbd2 Qc8 12. h3 Rb8 13. Nc4 h6 14. Be3 Rd8 15. Qe2 Bf8 16. Nfd2 g6 17. Ba4 Qb7 18. Qf3 Nh7 {1-0 (92) Karjakin,S (2760)-Sevian,S (2634) Douglas 2018}) 11... fxe6 12. Nbd2 {LiveBook: 14 Games} Qb8 13. Nb3 $146 ({Predecessor:} 13. c3 Nd7 14. d4 Qb5 15. c4 Qb7 16. d5 Nd8 17. Nf1 c6 18. Ng3 cxd5 19. cxd5 exd5 20. exd5 {½-½ (42) Bernal Varela,N (2376)-Biedermann,T (2433) ICCF email 2017}) 13... Nd8 14. d4 exd4 15. Qxd4 c5 16. Qc4 Nd7 17. Be3 Bf6 $36 {[%mdl 2048] Black fights for an advantage.} 18. Ra2 Re8 19. Nbd2 Nf7 20. Qb3 Qb5 21. Rd1 Nde5 22. Nxe5 Nxe5 23. Qa4 ({White should play} 23. h3 $15) 23... Qxa4 $17 24. Rxa4 Rac8 25. h3 g5 26. c3 d5 27. exd5 exd5 {[#] And now ...Nd3 would win.} 28. cxb4 Nd3 29. Bxc5 $1 Nxb2 ({Of course not} 29... Nxc5 $6 30. bxc5 Rxc5 31. Nf3 $14) 30. Raa1 Nxd1 31. Rxd1 Bc3 32. Nf3 d4 33. Nxg5 Rb8 34. Nf3 Bxb4 35. Bb6 $1 Re4 36. Nxd4 {The position is equal.} Re1+ 37. Rxe1 Bxe1 $11 {[%mdl 4096] Endgame KRB-KBN} 38. Ne6 Re8 39. Nc5 Rc8 40. Nxa6 {[#] Black must now prevent Nc7.} Bxa5 41. Bxa5 Ra8 42. Bd2 {Nc5 is the strong threat.} Rxa6 {KR-KB} 43. g4 Kf7 44. Kg2 Kg6 45. Be3 h5 46. f4 hxg4 47. hxg4 Rf6 48. Kf3 Rf7 49. Bc5 Rf6 50. Bb4 Rf7 51. Ke4 Rb7 52. Bc5 Rb3 53. Be3 Rb4+ 54. Ke5 Kf7 55. Kf5 Rb5+ 56. Ke4 Kf6 57. Bd2 $1 Rc5 58. Be1 Rc4+ 59. Kf3 Rc5 60. Bh4+ Kg6 61. Be7 Ra5 62. Kg3 Kf7 63. Bd6 Kg6 64. Kh4 Ra1 65. Bc5 Rd1 66. f5+ Kf6 67. Be3 Rh1+ 68. Kg3 Rb1 69. Bc5 Rb5 70. Bd4+ Kg5 71. Be3+ Kf6 72. Bd4+ Kg5 73. Be3+ Kf6 74. Bd4+ {Precision: White = 63%, Black = 67%.} 1/2-1/2

[Event "10th LCC GCT Finals 2018"]
[Site "London"]
[Date "2018.12.12"]
[Round "1.2"]
[White "Aronian, Levon"]
[Black "Vachier-Lagrave, Maxime"]
[Result "1/2-1/2"]
[WhiteElo "2765"]
[BlackElo "2781"]
[Annotator "TA"]
[PlyCount "115"]
[EventDate "2018.12.11"]
[EventType "k.o."]
[EventCountry "ENG"]
[SourceTitle "playchess.com"]
[Source "ChessBase"]
[SourceQuality "1"]

{[%evp 15,115,0,18,17,12,15,15,15,15,22,14,17,18,18,45,34,49,49,62,61,66,63,65,59,67,74,74,67,72,65,64,62,62,58,55,53,93,100,105,100,105,105,99,97,99,105,105,103,104,103,102,50,25,32,28,28,33,39,89,49,85,66,66,66,66,66,66,66,66,66,66,66,66,66,66,66,73,73,60,61,61,0,0,0,0,0,0,0,0,0,0,0,0,0,0,0,0,0,0,0,0,0]} 1. Nf3 c5 2. c4 Nf6 {[%cal Bg8f6,Bf6d5,Bd5b4,Bb4d3][%mdl 32]} 3. Nc3 d5 4. cxd5 Nxd5 5. e4 Nb4 6. Bc4 Nd3+ 7. Ke2 Nf4+ {A34: Symmetrical English: 2 Nc3, lines with ...d5} 8. Kf1 Ne6 {LiveBook: 164 Games} 9. d4 (9. h4 Nd4 10. Nb5 Be6 11. d3 Nbc6 12. Nbxd4 Bxc4 13. dxc4 cxd4 14. Bf4 e6 15. Rh3 {0-1 (35) Dominguez Perez,L (2739)-Vachier Lagrave,M (2779) Saint Louis 2018}) 9... cxd4 10. Bxe6 Bxe6 11. Nxd4 Nc6 $146 ({Predecessor:} 11... Bc4+ 12. Ke1 Qd7 13. Be3 e5 14. Nb3 Bb4 15. Rc1 {0-1 (51) Karpeshov,O (2323)-Shomoev,A (2553) Kazan 2016}) 12. Nxe6 Qxd1+ 13. Nxd1 fxe6 14. Bd2 e5 15. f3 e6 16. Be3 Bb4 17. Nf2 Ba5 18. Ke2 Bb6 19. Rhd1 Bxe3 20. Kxe3 Ke7 21. Rac1 Rhd8 22. Rxd8 Rxd8 $16 {[%mdl 4096] Endgame KRN-KRN} 23. Nd3 Kd6 24. Nc5 Rb8 25. h4 Nb4 26. a3 b6 27. Nxe6 $1 ({Of course not} 27. axb4 bxc5 28. bxc5+ Kc6 $14) 27... Na2 28. Ra1 Kxe6 29. Rxa2 {KR-KR} Rc8 30. Kd2 Rd8+ 31. Ke2 Rc8 32. b3 Rc1 33. Rd2 (33. Kd3 $16) 33... Ra1 $14 34. a4 Rb1 35. Rd3 Rb2+ 36. Kf1 a6 37. Kg1 b5 38. Rd8 bxa4 39. bxa4 Ra2 40. Rh8 h6 41. Re8+ Kf6 42. Rb8 Rxa4 43. Rb6+ Kf7 44. h5 a5 45. Ra6 Ra2 46. Kh2 a4 47. Kh3 a3 48. g3 (48. Ra7+ $14 Kf6 49. Kg3) 48... Ra1 $1 $11 {The position is equal.} 49. Kg4 a2 $1 50. Kf5 {Strongly threatening Ra7+.} Rf1 51. Rxa2 {[#] Ra3 is the strong threat.} Rxf3+ 52. Kxe5 Rxg3 53. Ra7+ Kg8 54. Kd6 g6 55. Ra8+ Kf7 56. Ra7+ Kg8 57. Ra8+ Kf7 58. Ra7+ {Accuracy: White = 77%, Black = 67%.} 1/2-1/2

[Event "10th LCC GCT Finals 2018"]
[Site "London"]
[Date "2018.12.13"]
[Round "1.3"]
[White "Aronian, Levon"]
[Black "Vachier-Lagrave, Maxime"]
[Result "1/2-1/2"]
[WhiteElo "2765"]
[BlackElo "2781"]
[Annotator "TA"]
[PlyCount "94"]
[EventDate "2018.12.11"]
[EventType "k.o."]
[EventCountry "ENG"]
[SourceTitle "playchess.com"]
[Source "ChessBase"]
[SourceQuality "1"]

{[%evp 23,94,28,35,34,39,31,93,76,60,76,62,77,66,58,53,6,50,47,63,0,58,62,68,76,72,76,76,68,68,76,69,85,151,88,155,116,166,150,133,0,57,52,63,0,0,0,0,0,0,0,0,0,0,0,0,0,0,0,0,0,0,0,0,0,0,0,0,0,0,0,0,0,0]} 1. Nf3 c5 2. c4 Nf6 3. Nc3 d5 4. cxd5 Nxd5 5. e3 Nxc3 6. bxc3 g6 7. Bb5+ Bd7 8. Be2 Bg7 9. O-O O-O 10. d4 Nc6 11. Rb1 Qc7 12. e4 Bg4 13. d5 {D85: Exchange Grünfeld: Unusual White 7th moves and lines with 7 Nf3} Ne5 14. c4 b6 $146 ({Better is} 14... e6 $14) ({Predecessor:} 14... Bxf3 15. gxf3 g5 16. Bxg5 Ng6 17. Kh1 Kh8 18. Rg1 b6 19. Be3 Be5 20. Qd2 Bxh2 {1-0 (31) Ostenstad,B (2492)-Madsen,D (2287) Trondheim 2004}) 15. Nxe5 {White is better.} (15. Ng5 {is more complex.} Bxe2 16. Qxe2 h6 17. Nh3 Nd7 18. f4) 15... Bxe2 16. Qxe2 {[#] aiming for Nc6.} Bxe5 17. f4 Bd4+ 18. Kh1 e6 19. e5 exd5 20. cxd5 Qd7 21. Qc4 (21. d6 $14) 21... Rad8 (21... Rfe8 $11) 22. d6 $14 Rfe8 23. Bb2 $1 {[%cal Rb2d4]} Bxb2 24. Rxb2 Qe6 25. Qa4 Qd7 26. Qa6 f6 27. Re2 $1 ({Much weaker is} 27. exf6 Rf8 $15) 27... Re6 ({Black should play} 27... b5) 28. a4 (28. Qc4 $142 Kh8 29. Rfe1) 28... Qf7 (28... g5 $142) 29. Rd2 fxe5 30. fxe5 Qg7 {[#]} 31. d7 (31. Rdd1 $1 $16 Rxe5 32. Qc4+ Kh8 33. Rf7) 31... Rxe5 (31... Qxe5 $11 32. Rdd1 (32. Qxa7 Rd6 $11) 32... Re7) 32. Qxa7 Qf6 {[%cal Rf6f1]} 33. Kg1 (33. Rxf6 $2 {is a self mate.} Re1+ 34. Rf1 Rxf1#) (33. Qa6 $14 Rf5 34. Rfd1) 33... Qc6 $11 {The position is equal.} 34. Rb1 Re7 35. Qxb6 Qxb6 36. Rxb6 Rexd7 37. Rxd7 Rxd7 {[%mdl 4096] Endgame KR-KR} 38. a5 c4 39. a6 {Threatens to win with Rb8+.} c3 40. Rc6 Ra7 41. h3 (41. g4 {looks sharper.} c2 42. Kg2 Rxa6 43. Rxc2 Kg7 44. Rc7+) 41... c2 42. Rxc2 {Strongly threatening Rc6.} Rxa6 43. Kh2 Ra7 44. Rc1 Kg7 45. Rc2 Kg8 46. Rc1 Kg7 47. Rc2 Kg8 {Accuracy: White = 70%, Black = 56%.} 1/2-1/2

[Event "10th LCC GCT Finals 2018"]
[Site "London"]
[Date "2018.12.13"]
[Round "1.3"]
[White "Nakamura, Hikaru"]
[Black "Caruana, Fabiano"]
[Result "1/2-1/2"]
[WhiteElo "2746"]
[BlackElo "2832"]
[Annotator "TA"]
[PlyCount "127"]
[EventDate "2018.12.11"]
[EventType "k.o."]
[EventCountry "ENG"]
[SourceTitle "playchess.com"]
[Source "ChessBase"]
[SourceQuality "1"]

{[%evp 14,127,0,0,0,-25,-11,-20,0,-39,14,-12,22,10,14,-3,6,8,17,2,17,16,17,0,0,0,0,0,10,7,10,8,12,12,37,33,30,29,32,21,15,20,26,25,41,38,46,45,43,42,47,45,38,24,27,18,18,18,22,18,13,10,12,0,5,0,4,0,6,0,23,0,0,0,0,0,0,0,0,0,34,34,27,30,31,17,37,55,50,0,0,0,50,52,46,0,0,0,0,0,0,0,0,0,0,0,0,0,0,0,0,0,0,0,0,0]} 1. c4 e5 2. g3 Nf6 3. Bg2 c6 4. Nf3 e4 5. Nd4 Qb6 6. Nc2 {A20: English Opening: 1...e5} d5 7. O-O dxc4 8. Nc3 {LiveBook: 3 Games} Na6 $146 ({Predecessor:} 8... Be6 9. Nxe4 Nxe4 10. Bxe4 Nd7 11. Bg2 h5 12. d4 cxd3 13. Qxd3 O-O-O {1-0 (51) Jobava,B (2713)-Mastrovasilis,D (2580) Minsk 2017}) 9. d3 exd3 10. exd3 Be7 11. Re1 Be6 (11... Bg4 $15 12. Qd2 cxd3 13. Qxd3 Rd8) 12. dxc4 O-O (12... Rd8 {is more complex.} 13. Qe2 Nc5 14. Rd1 Rxd1+ 15. Nxd1 Bg4) 13. Be3 Qa5 14. Bd2 Qb6 15. Na4 Qd8 16. b3 Re8 17. Bc3 Nc5 18. Bxf6 Qxd1 $1 19. Raxd1 {[#] Black must now prevent Bxe7.} gxf6 20. Nc3 {[%cal Ba4c3,Bc3e2,Be2d4][%mdl 32]} f5 21. Ne2 Bf6 22. Ned4 Rad8 23. Bh3 f4 (23... Kf8 {feels hotter.} 24. Nxf5 a5 25. Nce3 Bc3 26. Rxd8 Rxd8 27. Rc1 Bf6) 24. Nxe6 Rxd1 25. Rxd1 Nxe6 26. Bxe6 Rxe6 $14 {[%mdl 4096] Endgame KRB-KRN} 27. Kf1 b5 28. cxb5 cxb5 29. gxf4 Re4 30. f5 Kg7 31. Rd5 a6 32. Rd6 Rh4 33. Ne3 a5 34. Ra6 a4 35. bxa4 bxa4 36. Kg2 Rd4 37. Kf3 h5 38. Ra5 Rh4 39. Kg2 Rf4 40. Kg3 Rb4 41. Nd5 Bh4+ 42. Kg2 Rd4 43. f6+ Kg6 44. Kf3 Bg5 45. h3 h4 46. Rb5 Bxf6 47. Ke3 Rd1 48. Nf4+ Kg7 49. Ra5 Rh1 50. Kf3 Rh2 51. Nh5+ Kg6 52. Nf4+ Kg7 53. Rxa4 Be5 54. Kg4 Rxf2 {The position is equal.} 55. Nd3 Rg2+ 56. Kf5 Bg3 $1 57. Nf4 Rf2 58. Kg4 Bxf4 59. Rxf4 Rxa2 60. Kxh4 $11 {KR-KR} Ra6 61. Rg4+ Kh7 62. Rf4 Kg7 63. Rg4+ Kh7 64. Rf4 {Accuracy: White = 51%, Black = 57%.} 1/2-1/2

[Event "10th LCC GCT Finals 2018"]
[Site "London"]
[Date "2018.12.13"]
[Round "1.4"]
[White "Caruana, Fabiano"]
[Black "Nakamura, Hikaru"]
[Result "0-1"]
[WhiteElo "2832"]
[BlackElo "2746"]
[Annotator "TA"]
[PlyCount "108"]
[EventDate "2018.12.11"]
[EventType "k.o."]
[EventCountry "ENG"]
[SourceTitle "playchess.com"]
[Source "ChessBase"]
[SourceQuality "1"]

{[%evp 20,108,12,4,12,12,15,5,0,0,17,9,10,16,37,37,31,31,51,60,78,80,73,78,53,68,87,0,0,0,0,-77,-52,-139,-128,-134,-134,-133,-153,-156,0,-49,-52,-151,-145,-156,-119,-129,-127,-124,-121,-122,-119,-129,-122,-109,-119,-120,-103,-166,-150,-154,-168,-178,-141,-198,-193,-189,-104,-100,-95,-170,-175,-162,-100,-115,-114,-139,-135,-439,-439,-430,-429,-416,-402,-650,-554,-29977,-29978,-6295,-5193]} 1. d4 Nf6 2. c4 e6 3. Nf3 d5 4. Nc3 Be7 5. Bf4 O-O 6. e3 b6 7. cxd5 Nxd5 8. Nxd5 {D37: Queen's Gambit Declined: 5 Bf4} Qxd5 9. Bd3 (9. Be2 Bb7 10. Bxc7 Qa5+ 11. Kf1 Nd7 12. h4 Rac8 13. Bf4 Rfd8 14. Kg1 Bxf3 15. Bxf3 e5 {½-½ (31) Ding,L (2769)-So,W (2799) Berlin 2018}) 9... Qa5+ 10. Kf1 Ba6 11. Bxc7 {LiveBook: 3 Games} Bxd3+ 12. Qxd3 Na6 {[%cal Bb8a6,Ba6b4,Bb4a2,Ba2c1][%mdl 32]} 13. Bg3 Nb4 14. Qe2 Rfc8 $146 ({Predecessor:} 14... Rac8 15. Ne1 Rc6 {0-1 (32) Shishkin,V (2513)-Thesing,M (2425) Baia Sprie 2010}) 15. a3 Qa4 16. Kg1 $36 {[%mdl 2048] White has the initiative.} Na2 17. h3 (17. Rxa2 $2 Rc1+ 18. Ne1 Qc2 $19) 17... Nc1 18. Qf1 Qc2 19. Kh2 {[%cal Ra1c1]} Ne2 20. Be5 $1 {Black must now prevent Re1.} Qxb2 {[#]} 21. d5 $1 {[%mdl 512]} Nc3 (21... exd5 22. Bxb2) 22. dxe6 fxe6 23. Rd1 ({White should try} 23. Nd4 $1 $16) 23... Qxa3 $11 24. Rd7 Nd5 $1 25. Nd4 (25. Qa1 $11 Nf6 26. Rb7 (26. Bxf6 gxf6 27. Qd4 Qb4 $11)) 25... Bf6 $17 26. Bg3 (26. Bxf6 $1 $15 Nxf6 27. Rb7) 26... Bxd4 27. exd4 Qa4 28. Rd6 Rc6 ({But not} 28... Qxd4 29. Rxe6 Nf4 30. Re7 $11) 29. Rd7 {Strongly threatening Be5.} Rcc8 ({Stronger than} 29... Qxd4 30. Qa6 $11) ({Better is} 29... Rc2 $1 $17 30. Rd6 Qe8) 30. Rd6 $15 Qe8 31. Qa6 (31. Qe2 $15) 31... Rc6 $1 $17 32. Ra1 Rxd6 33. Bxd6 Qd7 $1 {[%cal Rd7d6]} 34. Be5 {[#]} Nb4 $1 {[%cal Rb4a6]} 35. Qe2 Nc6 36. Bg3 Qd5 37. Qa6 Nxd4 38. Rc1 Nf5 39. Rc8+ (39. Rc7 $17) 39... Rxc8 $19 40. Qxc8+ Kf7 41. Qc7+ Kf6 42. Bf4 (42. Qxa7 $17 {is a better defense.} Nxg3 43. fxg3) 42... e5 43. Bc1 h6 (43... Qd6 $19 44. Qxa7 Qc5) 44. Bb2 $17 Qc5 45. Qb8 (45. Qd8+ $17 Kg6 46. Qd7) 45... a5 $19 {[%cal Ba7a5,Ba5a4][%mdl 32]} ({Don't take} 45... Qxf2 46. Bxe5+ Ke6 47. Bf4 $17) 46. f4 {[#]} Kg6 (46... Nd4 $1 $19 {Hoping for ...Kf5.} 47. Qe8 Qb5 48. Qd8+ Kg6 49. Bxd4 exd4 50. Qxd4 Qc6) 47. Bxe5 $17 Qc6 {And now ...Ne3 would win.} 48. Qa7 h5 49. h4 $2 {[%mdl 8192]} (49. Qa6 $17) 49... a4 $19 50. Qa6 Kh7 51. Qd3 Qg6 52. g3 (52. Bd4 $142 Nxh4 53. Qe2) 52... Nh6 53. Qc4 Ng4+ 54. Kh3 Qb1 {Accuracy: White = 49%, Black = 77%.} 0-1

[Event "10th LCC GCT Finals 2018"]
[Site "London"]
[Date "2018.12.13"]
[Round "1.4"]
[White "Vachier-Lagrave, Maxime"]
[Black "Aronian, Levon"]
[Result "1-0"]
[WhiteElo "2781"]
[BlackElo "2765"]
[Annotator "TA"]
[PlyCount "97"]
[EventDate "2018.12.11"]
[EventType "k.o."]
[EventCountry "ENG"]
[SourceTitle "playchess.com"]
[Source "ChessBase"]
[SourceQuality "1"]

{[%evp 21,97,16,10,0,0,-49,0,0,0,0,0,-46,0,0,0,0,0,-8,0,-7,19,25,26,20,16,0,58,0,18,19,52,43,100,95,81,73,118,111,119,108,107,107,112,112,108,104,118,126,140,138,208,131,133,113,153,158,156,162,139,139,351,323,355,352,325,336,487,436,556,603,759,750,837,825,866,935,871,842]} 1. e4 e5 2. Nf3 Nc6 3. Bb5 Nf6 4. O-O Nxe4 5. d4 Nd6 6. Bxc6 dxc6 7. dxe5 Nf5 8. Qxd8+ Kxd8 9. h3 Be7 {C67: Ruy Lopez: Berlin Defence: 4 0-0 Nxe4} 10. Nc3 Nh4 11. Nxh4 Bxh4 {LiveBook: 20 Games. The position is equal.} 12. Re1 (12. Be3 h5 13. Ne2 Be7 14. f4 f5 15. exf6 gxf6 16. Rad1+ Ke8 17. f5 {½-½ (32) Vachier Lagrave,M (2780)-Karjakin,S (2760) Batumi 2018}) 12... b6 $146 ({Predecessor:} 12... h6 13. b3 Bf5 14. Bb2 Bxc2 15. e6 Ke8 16. Na4 Rg8 17. Nc5 Rc8 {0-1 (62) Liepold,S (2168)-Londyn,R (2426) Germany 2017}) 13. g4 Be7 14. Be3 Bd7 15. Rad1 Kc8 16. Ne2 Re8 17. Nf4 Bf8 18. Bc1 g6 19. Re2 Bg7 20. Rde1 Kb7 21. e6 fxe6 22. Nxe6 Bf6 23. c3 c5 ({Better is} 23... Bh4 $11) 24. Bf4 ({White should try} 24. g5 $1 $14 Bh8 25. Bf4) 24... Bxe6 (24... Bh4 {looks sharper.} 25. Kg2 Bb5 26. Re5 Bc6+ 27. Kg1 Rac8) 25. Rxe6 Rf8 26. R1e4 $36 {[%mdl 2048] Strongly threatening Bh6. White fights for an advantage.} Rf7 {[#]} (26... g5 $14 27. Be5 Bh8) 27. g5 $1 $16 {[%cal Rg5f6]} Bd8 28. h4 b5 29. c4 bxc4 30. Be3 Rb8 31. Bxc5 Kc8 32. Bd4 Rb5 33. Rc6 Kd7 34. Rxc4 c6 35. a4 Rb3 (35... Rb7 $16 36. b4 Re7) 36. Bxa7 Rxb2 37. Bd4 Rd2 38. Be3 Rd5 39. Rb4 Bc7 40. Kg2 Rf8 $2 {[#]} (40... Re7 $16 41. Rec4 Re6) 41. Rb7 $18 c5 42. a5 Kc6 43. a6 Ra8 (43... Rc8 $142 44. Re6+ Rd6) 44. Re6+ {White is clearly winning.} Bd6 45. Rxh7 Rxa6 46. Rxg6 c4 47. Rg8 Rf5 48. g6 {[%cal Bg5g6,Bg6g7][%mdl 32]} Be5 49. g7 {Precision: White = 65%, Black = 47%.} 1-0

[Event "10th LCC GCT Finals 2018"]
[Site "London"]
[Date "2018.12.13"]
[Round "1.5"]
[White "Aronian, Levon"]
[Black "Vachier-Lagrave, Maxime"]
[Result "0-1"]
[WhiteElo "2765"]
[BlackElo "2781"]
[Annotator "TA"]
[PlyCount "110"]
[EventDate "2018.12.11"]
[EventType "k.o."]
[EventCountry "ENG"]
[SourceTitle "playchess.com"]
[Source "ChessBase"]
[SourceQuality "1"]

{[%evp 9,110,18,30,13,29,33,37,31,39,41,28,13,46,16,30,26,27,20,38,0,8,13,8,6,16,0,8,0,0,0,0,0,22,27,26,-22,-21,-28,-33,-33,-41,-87,-70,-79,-41,-52,-46,-51,-51,-93,-82,-100,-96,-268,-264,-239,-161,-154,-150,-299,-274,-289,-280,-338,-349,-335,-318,-381,-376,-411,-401,-494,-500,-579,-573,-568,-570,-558,-552,-670,-579,-592,-507,-700,-762,-727,-729,-750,-747,-911,-725,-798,-779,-779,-779,-1233,-1216,-1318,-1255,-29980,-1137,-992,-954]} 1. e4 c5 2. Nf3 d6 3. Bb5+ Nd7 {[%cal Bb8d7,Bd7e5,Be5f3][%mdl 32]} 4. c3 Ngf6 5. Bd3 (5. Qe2 a6 6. Ba4 b5 7. Bc2 Bb7 8. d4 e6 9. O-O Be7 10. Nbd2 O-O 11. e5 Nd5 12. Ne4 Qc7 13. exd6 Bxd6 14. Nxd6 Qxd6 15. dxc5 Qxc5 {½-½ (58) Kovalev,V (2648)-Grandelius,N (2652) Sharjah 2018}) 5... Ne5 {LiveBook: 3 Games} 6. Be2 $146 {B51: Sicilian: Moscow Variation (3 Bb5+) without 3...Bd7} ({Predecessor:} 6. Nxe5 dxe5 7. Be2 Bd7 8. d3 e6 9. O-O Bc6 10. Na3 b5 11. Be3 Be7 12. Nc2 O-O {0-1 (41) Macovei,A (2343)-Harsha,B (2445) Tarvisio 2017}) 6... Nxf3+ 7. Bxf3 e5 8. d4 {White is slightly better.} Be7 9. O-O O-O 10. Be3 b6 11. Nd2 Qc7 12. Re1 Bd7 13. a4 a6 14. b4 cxd4 15. cxd4 Rfc8 16. h3 b5 17. axb5 Bxb5 18. Nb3 {[%cal Bd2b3,Bb3a5,Ba5c6][%mdl 32]} Qc2 19. d5 Qxd1 20. Rexd1 Rc4 21. Na5 Rxb4 22. Rdc1 Ra4 23. Nc6 Rxa1 24. Rxa1 Kf8 25. g3 Bd3 26. Bg5 h6 (26... Nxd5 $5 27. Nxe7 Nxe7 $15) 27. Bxf6 $1 Bxf6 28. Ra3 Bb5 29. Bg4 Bd8 30. h4 Bb6 31. Rf3 $2 {[#]} (31. Kg2 $17) 31... Be2 $19 32. Rb3 Bxf2+ 33. Kxf2 Bxg4 {[%mdl 4096] Endgame KRB-KRN} 34. Ra3 (34. Na5 $17) 34... Bd7 35. Na5 Ke7 36. Rc3 Rc8 37. Rb3 Bb5 38. Rb2 Rc3 39. Nb3 g6 40. g4 Rh3 {[#] White must now prevent ...Rh2+.} 41. Nd2 Rxh4 42. Kg3 Rh1 43. Rc2 Kd7 44. Nf3 Rb1 45. Nd2 Rb4 46. Kf3 a5 {[%cal Ba6a5,Ba5a4][%mdl 32]} 47. Ke3 a4 48. Ra2 Ke7 49. Ra1 Bd7 50. Kf3 h5 51. gxh5 gxh5 52. Ra3 f5 53. exf5 Bxf5 54. Nf1 Be4+ (54... Rb3+ $142 55. Rxb3 axb3 56. Kg2 b2 57. Nd2 b1=Q 58. Nxb1 Bxb1 59. Kh3 Bd3 60. Kg2 e4 61. Kg3 e3 62. Kf4 e2 63. Ke3 e1=Q+ 64. Kxd3 h4 65. Kd4 h3 66. Kd3 h2 67. Kd4 h1=Q 68. Kc4 Qd2 69. Kb3 Qhxd5+ 70. Ka4 Q2a5#) 55. Ke2 Bxd5 {Accuracy: White = 27%, Black = 67%.} 0-1